• 首页
  • 本馆介绍
  • 公告通知
  • 最新文献
  • 馆藏检索
  • 电子资源
  • 读者导购
  • 参考咨询
  • 我的图书馆
  • 登录
  • 详细信息显示
  • 放入我的书架
  • 预约/预借图书
  • 作者相关作品
  • 分类相关作品
  • 丛书相关作品
  • 出版社相关作品

书目信息

  • 表格格式
  • 工作单格式
  • 卡片格式
题名:
文艺复兴时期哲学概论
    
 
作者: 索科洛夫 , Сотов 著 ;汤侠生 译
分册:  
出版信息: 北京   北京大学出版社  1983
页数: 216页
开本: 19cm
丛书名:
单 册:
中图分类: B141
科图分类:
主题词: 中世纪哲学-文艺复兴--欧洲--概论 , 文艺复兴-中世纪哲学--欧洲--概论 , 近代哲学--世界 , 近代哲学
电子资源:
ISBN:
000 01070nam0 2200325 45
001 0183005977
005 20040508104535.0
010    @dCNY0.68
091    @a2209.15
100    @a19951001d1983 em y0chiy0121 ea
101 1  @achi@crus
102    @aCN@b110000
105    @ay z 000yy
106    @ar
200 10 @a文艺复兴时期哲学概论@Awen yi fu xing shi qi zhe xue gai lun@f(苏)索科洛夫(В.В.Соков)著@g汤侠生译
210    @a北京@c北京大学出版社@d1983
215    @a216页@d19cm
300    @a书名原文:Оче рки философии эпохи Возрождения
510 1  @aОче рки философии эпохи Возрождения@zrus
606    @a中世纪哲学-文艺复兴@y欧洲@x概论
606    @a文艺复兴-中世纪哲学@y欧洲@x概论
606 0  @a近代哲学@x世界
606 0  @a近代哲学
690    @aB141
701  1 @a索科洛夫@Asuo ke luo fu@bВ.В@4著
701 A1 @aСотов@bВ.В@4著
702  0 @a汤侠生@Atang xia sheng@4译
801  0 @aCN@b上海图书馆@c20040508
801  2 @aCN@bNLC@c20040508
905    @f2@b109511-512@dB141@e10
    
    文艺复兴时期哲学概论/(苏)索科洛夫(В.В.Соков)著/汤侠生译.-北京:北京大学出版社,1983
    216页;19cm
    书名原文:Оче рки философии эпохи Возрождения
    
    ISBN :CNY0.68
    
●
相关链接 在E读中查询图书 在五车中查询图书 在当当中查询图书 在豆瓣中查询图书


正题名:文艺复兴时期哲学概论     索取号:B141/10         预约/预借

序号 登录号 条形码 馆藏地/架位号 状态 备注
1 0109511   001124571   第一借阅区/ [索取号:B141/10] 在馆    
2 0109512   001124535   密集书库/ [索取号:B141/10] 在馆    
唐山师范学院图书馆 欢迎您!
大连网信软件有限公司© 版权所有